[Event "24. Aberto Xadrez Albariño"]
[Site "Cambados ESP"]
[Date "2008.08.02"]
[Round "2.4"]
[White "De Dios Alija, Rafael"]
[Black "Permuy Lorenzo, Carlos Javier"]
[Result "0-1"]
[WhiteElo "2023"]
[BlackElo "2335"]
[PlyCount "69"]
[EventDate "2008.08.01"]
[EventType "swiss"]
[EventRounds "9"]
[EventCountry "ESP"]
[Source "lmi"]
[SourceDate "2008.08.01"]

1. e4 c5 2. Nf3 d6 3. d4 cxd4 4. Nxd4 Nf6 5. Nc3 g6 6. Be3 Bg7 7. Qd2 Ng4 8.
Bg5 h6 9. Bh4 Nc6 10. Nb3 Be6 11. O-O-O a5 12. Na4 O-O 13. f4 Rc8 14. Kb1 Nb4
15. c3 Na6 16. h3 Nf6 17. Qe3 Nxe4 18. Bd3 Nf6 19. Bxf6 Bxf6 20. f5 Bxb3 21.
axb3 g5 22. h4 Kg7 23. Qg3 Rg8 24. hxg5 hxg5 25. Rh3 Rh8 26. Rdh1 Qc7 27. Qe3
Nc5 28. Nxc5 dxc5 29. Bc4 Rh4 30. Rxh4 gxh4 31. g4 Qg3 32. Qe2 Rd8 33. Rh2 Bg5
34. Rg2 Qf4 35. Kc2 0-1

[Event "24. Aberto Xadrez Albariño"]
[Site "Cambados ESP"]
[Date "2008.08.02"]
[Round "2.5"]
[White "Rodriguez Lopez, Rafael"]
[Black "Gonzalez Trigal, Jose Luis"]
[Result "1-0"]
[WhiteElo "2311"]
[BlackElo "1992"]
[PlyCount "45"]
[EventDate "2008.08.01"]
[EventType "swiss"]
[EventRounds "9"]
[EventCountry "ESP"]
[Source "lmi"]
[SourceDate "2008.08.01"]

1. e4 e5 2. Nf3 Nf6 3. Nxe5 d6 4. Nf3 Nxe4 5. d4 d5 6. Bd3 Nc6 7. O-O Be7 8.
Re1 Bg4 9. c3 Nf6 10. Nbd2 O-O 11. Nf1 Re8 12. Ng3 Bf8 13. Rxe8 Qxe8 14. Bf4
Qd7 15. h3 Nh5 16. Nxh5 Bxh5 17. Bxh7+ Kxh7 18. Ng5+ Kg6 19. g4 Bxg4 20. hxg4
f5 21. Qd3 Bd6 22. Re1 Nd8 23. Re6+ 1-0

[Event "24. Aberto Xadrez Albariño"]
[Site "Cambados ESP"]
[Date "2008.08.02"]
[Round "2.6"]
[White "Sanchez De Leon Menendez, Rafael"]
[Black "Patino Romaris, Juan Roberto"]
[Result "0-1"]
[WhiteElo "1932"]
[BlackElo "2272"]
[PlyCount "119"]
[EventDate "2008.08.01"]
[EventType "swiss"]
[EventRounds "9"]
[EventCountry "ESP"]
[Source "lmi"]
[SourceDate "2008.08.01"]

1. d4 Nf6 2. c4 c5 3. Nf3 g6 4. Nc3 Bg7 5. e3 O-O 6. Be2 b6 7. O-O d6 8. Re1
Nbd7 9. Qc2 a6 10. b3 Bb7 11. Bb2 cxd4 12. exd4 d5 13. Rad1 Rc8 14. Qb1 e6 15.
h3 Re8 16. a3 dxc4 17. bxc4 Qc7 18. Qd3 Nh5 19. Bc1 Nf4 20. Bxf4 Qxf4 21. Qe3
Qd6 22. Ne4 Qe7 23. Rb1 Rc7 24. Rb3 Rec8 25. Reb1 h6 26. a4 Rxc4 27. Bxc4 Rxc4
28. a5 b5 29. Ned2 Ra4 30. Qc3 Bd5 31. R3b2 Qd8 32. Rc1 Rxa5 33. Qc7 Qxc7 34.
Rxc7 Nb6 35. Nb3 Ra3 36. Nc5 Bxf3 37. gxf3 Bxd4 38. Rd2 Bxc5 39. Rxc5 Nd5 40.
Kg2 b4 41. Rc8+ Kg7 42. Rb8 a5 43. Rb5 a4 44. Rdxd5 exd5 45. Rxb4 Kf6 46. Kg3
Ke5 47. Kg2 d4 48. Kf1 Rxf3 49. Rxa4 Rxh3 50. Ke2 d3+ 51. Kd2 Rf3 52. Ra5+ Kf4
53. Ra7 Rxf2+ 54. Kxd3 Kg3 55. Ke3 Rf6 56. Ke2 h5 57. Ra1 Kg2 58. Ke3 h4 59.
Ra5 Rf3+ 60. Ke2 0-1

[Event "24. Aberto Xadrez Albariño"]
[Site "Cambados ESP"]
[Date "2008.08.02"]
[Round "2.7"]
[White "Berbatov, Kiprian"]
[Black "Galard Agustin, Tomas E"]
[Result "1-0"]
[WhiteElo "2250"]
[BlackElo "1905"]
[PlyCount "65"]
[EventDate "2008.08.01"]
[EventType "swiss"]
[EventRounds "9"]
[EventCountry "ESP"]
[Source "lmi"]
[SourceDate "2008.08.01"]

1. e4 e6 2. d4 d5 3. e5 Ne7 4. Nf3 c5 5. c3 cxd4 6. cxd4 Nbc6 7. Nc3 a6 8. Bd3
Bd7 9. O-O b5 10. Ne2 Qb6 11. Be3 h6 12. Rc1 Na5 13. Nf4 Nc4 14. Qe2 Rc8 15.
Nh5 Qd8 16. Nh4 Nf5 17. Nxf5 exf5 18. b3 Nb6 19. Qf3 Be6 20. Bxf5 Bxf5 21. Qxf5
Qd7 22. Qf3 Kd8 23. Qg3 g6 24. Nf4 Rxc1 25. Rxc1 Ba3 26. e6 fxe6 27. Nxe6+ Qxe6
28. Qc7+ Ke8 29. Qb8+ Kf7 30. Rc7+ Be7 31. Qxh8 Qe4 32. Qh7+ Kf6 33. Rc6+ 1-0

[Event "24. Aberto Xadrez Albariño"]
[Site "Cambados ESP"]
[Date "2008.08.02"]
[Round "2.10"]
[White "Otero Chaves, Carlos Miguel"]
[Black "Rodriguez Gonzalez, Alex"]
[Result "0-1"]
[WhiteElo "1903"]
[BlackElo "2022"]
[PlyCount "92"]
[EventDate "2008.08.01"]
[EventType "swiss"]
[EventRounds "9"]
[EventCountry "ESP"]
[Source "lmi"]
[SourceDate "2008.08.01"]

1. e4 d6 2. d4 Nf6 3. Nc3 g6 4. f4 Bg7 5. Nf3 c5 6. dxc5 Qa5 7. Bd3 Qxc5 8. Qe2
Bg4 9. Be3 Qa5 10. O-O Nc6 11. a3 O-O 12. Qf2 Nd7 13. f5 Bxf3 14. Qxf3 Nde5 15.
Qe2 Nxd3 16. cxd3 Nd4 17. Qf2 Nb3 18. Nd5 Qd8 19. Qh4 Re8 20. fxg6 hxg6 21.
Rad1 Rc8 22. Rf3 f6 23. Rg3 e6 24. Nc3 g5 25. Qh5 Rf8 26. Rf1 Qe8 27. Qxe8
Rcxe8 28. Bxa7 Rf7 29. Be3 Kf8 30. Rgf3 Ree7 31. Nb5 Rd7 32. Nd4 Nc5 33. b4 g4
34. Rg3 Nxd3 35. Nxe6+ Ke7 36. Nxg7 Rxg7 37. h3 Ne5 38. hxg4 Ke6 39. g5 fxg5
40. Rxg5 Rxg5 41. Bxg5 Nc4 42. a4 Ke5 43. Re1 Rg7 44. Bc1 Rg3 45. Kf2 Rb3 46.
b5 Rb4 0-1

[Event "24. Aberto Xadrez Albariño"]
[Site "Cambados ESP"]
[Date "2008.08.02"]
[Round "2.11"]
[White "Campelo Bermudez, Javier"]
[Black "Dimitrov, Vladimir"]
[Result "0-1"]
[WhiteElo "1870"]
[BlackElo "2450"]
[PlyCount "88"]
[EventDate "2008.08.01"]
[EventType "swiss"]
[EventRounds "9"]
[EventCountry "ESP"]
[Source "lmi"]
[SourceDate "2008.08.01"]

1. e4 c5 2. Nc3 Nc6 3. g3 g6 4. Bg2 Bg7 5. d3 d6 6. f4 e6 7. Nf3 Nge7 8. O-O
O-O 9. Be3 b6 10. Qd2 d5 11. exd5 exd5 12. d4 Nf5 13. Ne2 Ba6 14. Rfe1 Nxe3 15.
Qxe3 Re8 16. Qd2 Bxe2 17. Rxe2 Rxe2 18. Qxe2 Nxd4 19. Qd3 Rc8 20. c3 c4 21. Qd2
Nxf3+ 22. Bxf3 d4 23. Rd1 d3 24. Re1 b5 25. Kf1 b4 26. Re4 bxc3 27. bxc3 Qa5
28. Qe1 Bxc3 29. Re8+ Kg7 30. Qe4 Rxe8 31. Qxe8 d2 32. a4 Qd5 33. Qe2 Qd4 34.
h3 Ba5 35. Qe5+ Qxe5 36. fxe5 c3 37. Bd1 Bc7 38. e6 fxe6 39. Kf2 Kf6 40. g4 Kg5
41. Ke3 Kh4 42. Kd4 Ba5 43. Ke5 Kg3 44. Kxe6 Kf2 0-1

[Event "24. Aberto Xadrez Albariño"]
[Site "Cambados ESP"]
[Date "2008.08.02"]
[Round "2.12"]
[White "Outeiral Gonzalez, Ricardo"]
[Black "Elizondo Market, Juan Marcos"]
[Result "1-0"]
[WhiteElo "1792"]
[BlackElo "2070"]
[PlyCount "99"]
[EventDate "2008.08.01"]
[EventType "swiss"]
[EventRounds "9"]
[EventCountry "ESP"]
[Source "lmi"]
[SourceDate "2008.08.01"]

1. e4 c5 2. Bc4 e6 3. Nc3 Nc6 4. d3 g6 5. Nf3 Bg7 6. O-O Nge7 7. Bg5 d6 8. Qc1
O-O 9. Bh6 d5 10. Bxg7 Kxg7 11. Bb3 d4 12. Ne2 e5 13. h3 Qd6 14. Nh2 f5 15. f4
fxe4 16. dxe4 exf4 17. Nxf4 b5 18. a3 c4 19. Ba2 Ne5 20. Qd2 Bb7 21. Rae1 Rad8
22. Nf3 Nxf3+ 23. Rxf3 Qe5 24. Qf2 Rde8 25. Rf1 Kg8 26. Nd5 Rxf3 27. Qxf3 Bxd5
28. exd5 Qe3+ 29. Qxe3 dxe3 30. b3 Nxd5 31. bxc4 Nc3 32. Bb3 bxc4 33. Bxc4+ Kg7
34. Re1 Kf6 35. g3 g5 36. Kg2 Rd8 37. Rxe3 Rd2+ 38. Kf3 Rxc2 39. Re6+ Kg7 40.
Re7+ Kf6 41. Re6+ Kg7 42. Re7+ Kf6 43. Rxa7 h5 44. Ra6+ Ke5 45. Ra5+ Kf6 46.
Bd3 Rh2 47. Rf5+ Ke7 48. Rxg5 Nd1 49. Re5+ Kd6 50. Re2 1-0

[Event "24. Aberto Xadrez Albariño"]
[Site "Cambados ESP"]
[Date "2008.08.02"]
[Round "2.13"]
[White "Chesa Chavarria, Aurelio"]
[Black "Buil Montanes, Carlos"]
[Result "0-1"]
[WhiteElo "1919"]
[BlackElo "1882"]
[PlyCount "80"]
[EventDate "2008.08.01"]
[EventType "swiss"]
[EventRounds "9"]
[EventCountry "ESP"]
[Source "lmi"]
[SourceDate "2008.08.01"]

1. d4 e6 2. c4 f5 3. g3 Nf6 4. Bg2 c6 5. Nc3 d5 6. Nf3 Bd6 7. c5 Bc7 8. b4 O-O
9. Bg5 Qe8 10. Bxf6 Rxf6 11. e3 Nd7 12. O-O e5 13. dxe5 Nxe5 14. Nxe5 Bxe5 15.
Rc1 g5 16. Qd3 Be6 17. f4 gxf4 18. exf4 Bxc3 19. Qxc3 Rh6 20. Rfe1 Qf7 21. Re5
Re8 22. Rce1 Qh5 23. h3 Bd7 24. Rxe8+ Bxe8 25. Re7 Bf7 26. Rxb7 Qd1+ 27. Kh2 d4
28. Rb8+ Kg7 29. Qb2 Re6 30. Rd8 Re2 31. Qxd4+ Qxd4 32. Rxd4 Bd5 33. Rxd5 cxd5
34. Kg1 d4 35. Bf3 Rc2 36. Kf1 Kf6 37. Ke1 Ke7 38. a4 Rc4 39. b5 Rxc5 40. Kd2
Rc3 0-1

[Event "24. Aberto Xadrez Albariño"]
[Site "Cambados ESP"]
[Date "2008.08.02"]
[Round "2.15"]
[White "Outeiro Padin, Heladio"]
[Black "Fernandez Rey, Jorge"]
[Result "1-0"]
[WhiteElo "1916"]
[BlackElo "1834"]
[PlyCount "73"]
[EventDate "2008.08.01"]
[EventType "swiss"]
[EventRounds "9"]
[EventCountry "ESP"]
[Source "lmi"]
[SourceDate "2008.08.01"]

1. d4 Nf6 2. c4 g6 3. Nc3 d5 4. Nf3 Bg7 5. Bf4 dxc4 6. e4 O-O 7. Bxc4 Nc6 8.
Nb5 Ne8 9. e5 a6 10. Nc3 Bg4 11. Be3 Bxf3 12. gxf3 Na5 13. Qd3 b5 14. Bd5 c6
15. Be4 Nc4 16. b3 Nxe3 17. fxe3 Qc7 18. Rc1 f5 19. exf6 Nxf6 20. Nd5 Nxd5 21.
Bxd5+ Kh8 22. Rxc6 Qd7 23. Qe4 Rad8 24. Be6 Qe8 25. Rxa6 Rf6 26. Ra7 Qf8 27.
Ke2 Qe8 28. Bd5 Rfd6 29. Rxe7 Qf8 30. Bb7 Bxd4 31. exd4 Kg8 32. d5 Qf6 33. Qe5
Qf8 34. Rc1 R6d7 35. Rxd7 Re8 36. Qe6+ Rxe6+ 37. dxe6 1-0

[Event "24. Aberto Xadrez Albariño"]
[Site "Cambados ESP"]
[Date "2008.08.02"]
[Round "2.16"]
[White "Diz Suarez, Carlos"]
[Black "Guijarro Arca, Basilio"]
[Result "1/2-1/2"]
[WhiteElo "1689"]
[BlackElo "1915"]
[PlyCount "79"]
[EventDate "2008.08.01"]
[EventType "swiss"]
[EventRounds "9"]
[EventCountry "ESP"]
[Source "lmi"]
[SourceDate "2008.08.01"]

1. e4 d5 2. exd5 Nf6 3. d4 Nxd5 4. c4 Nb6 5. Nf3 Bg4 6. Be2 e6 7. O-O Be7 8.
Nc3 c6 9. b3 O-O 10. Bb2 N8d7 11. h3 Bh5 12. Ne5 Bxe2 13. Qxe2 Qc7 14. Rfe1 Nf6
15. Rad1 Rad8 16. Ne4 Nbd7 17. Nxd7 Rxd7 18. d5 Nxe4 19. Qxe4 Rfd8 20. Qg4 Bf8
21. dxe6 Rxd1 22. exf7+ Qxf7 23. Rxd1 Rxd1+ 24. Qxd1 Qf5 25. Qe2 h6 26. Bd4 a6
27. Qe5 Qg6 28. Bc5 Bxc5 29. Qxc5 Qe4 30. Qa7 Qe1+ 31. Kh2 Qe5+ 32. g3 Qc7 33.
Qe3 Qf7 34. a3 Qd7 35. b4 Qf7 36. Qd4 Qf3 37. Qe3 Qf7 38. Qd4 Qf3 39. Qe3 Qf7
40. Qd4 1/2-1/2

[Event "24. Aberto Xadrez Albariño"]
[Site "Cambados ESP"]
[Date "2008.08.02"]
[Round "2.17"]
[White "Prado Garcia, Alejandro"]
[Black "Prol Lusquinos, Jose Manuel"]
[Result "1-0"]
[WhiteElo "1885"]
[BlackElo "1792"]
[PlyCount "107"]
[EventDate "2008.08.01"]
[EventType "swiss"]
[EventRounds "9"]
[EventCountry "ESP"]
[Source "lmi"]
[SourceDate "2008.08.01"]

1. e4 e5 2. Nf3 Nc6 3. Bb5 a6 4. Bxc6 dxc6 5. O-O f6 6. d4 exd4 7. Nxd4 c5 8.
Ne2 Qxd1 9. Rxd1 Bd7 10. Nbc3 Ne7 11. Bf4 O-O-O 12. Nd5 Nxd5 13. Rxd5 Be7 14.
Rad1 b6 15. a3 g5 16. Bg3 Bc6 17. Rxd8+ Bxd8 18. Nc3 Rf8 19. h4 h6 20. hxg5
hxg5 21. Nd5 f5 22. exf5 Rxf5 23. Ne3 Rf7 24. Ng4 Bb5 25. Rd2 Re7 26. f3 Re6
27. Kf2 Be7 28. Ne3 c4 29. Rd5 Bc5 30. Re5 Rd6 31. Rxc5 bxc5 32. Bxd6 cxd6 33.
Kg3 Kd7 34. Kg4 Ke6 35. Kxg5 d5 36. f4 d4 37. f5+ Kf7 38. Ng4 Kf8 39. Ne5 d3
40. cxd3 cxd3 41. Nf3 Bc6 42. Kf4 Ke7 43. g4 Kd6 44. Ke3 c4 45. Nd2 Bd5 46. Kf4
Bf7 47. g5 a5 48. g6 Bd5 49. f6 Ke6 50. Kg5 a4 51. f7 Ke7 52. Kh6 Kf8 53. Kh7
Ke7 54. Kg7 1-0

[Event "24. Aberto Xadrez Albariño"]
[Site "Cambados ESP"]
[Date "2008.08.03"]
[Round "3.1"]
[White "Ivanov, Jordan"]
[Black "Berbatov, Kiprian"]
[Result "1/2-1/2"]
[WhiteElo "2421"]
[BlackElo "2250"]
[PlyCount "31"]
[EventDate "2008.08.01"]
[EventType "swiss"]
[EventRounds "9"]
[EventCountry "ESP"]
[Source "lmi"]
[SourceDate "2008.08.01"]

1. d4 Nf6 2. c4 g6 3. Nc3 Bg7 4. e4 d6 5. h3 O-O 6. Nf3 e5 7. d5 Na6 8. Bg5 Qe8
9. g4 Nd7 10. Rg1 Kh8 11. Qd2 Ndc5 12. Be2 Na4 13. Nb5 N4c5 14. Nc3 Na4 15. Nb5
N4c5 16. Nc3 1/2-1/2

[Event "24. Aberto Xadrez Albariño"]
[Site "Cambados ESP"]
[Date "2008.08.03"]
[Round "3.2"]
[White "Corona Garcia, Tomas"]
[Black "Rodriguez Lopez, Rafael"]
[Result "1/2-1/2"]
[WhiteElo "2210"]
[BlackElo "2311"]
[PlyCount "68"]
[EventDate "2008.08.01"]
[EventType "swiss"]
[EventRounds "9"]
[EventCountry "ESP"]
[Source "lmi"]
[SourceDate "2008.08.01"]

1. e4 c5 2. Nc3 a6 3. f4 d6 4. Nf3 Nf6 5. g3 b5 6. Bg2 Bb7 7. d3 g6 8. O-O Bg7
9. Qe2 b4 10. Nd1 e6 11. f5 O-O 12. fxe6 fxe6 13. Ng5 Qd7 14. e5 Bxg2 15. Qxg2
Nd5 16. Rxf8+ Bxf8 17. Ne3 dxe5 18. Qh3 Nf6 19. Bd2 Nc6 20. Rf1 Be7 21. Qxe6+
Qxe6 22. Nxe6 Nd4 23. Nxd4 cxd4 24. Nc4 e4 25. Bg5 exd3 26. Bxf6 Bxf6 27. cxd3
Bg5 28. Re1 b3 29. axb3 Rb8 30. Re5 Bc1 31. Re1 Bh6 32. Re4 Bg7 33. Kf2 Rxb3
34. Ke2 Rb4 1/2-1/2

[Event "24. Aberto Xadrez Albariño"]
[Site "Cambados ESP"]
[Date "2008.08.03"]
[Round "3.3"]
[White "Patino Romaris, Juan Roberto"]
[Black "Fernandez de Pablo, Miguel A"]
[Result "1-0"]
[WhiteElo "2272"]
[BlackElo "2232"]
[PlyCount "53"]
[EventDate "2008.08.01"]
[EventType "swiss"]
[EventRounds "9"]
[EventCountry "ESP"]
[Source "lmi"]
[SourceDate "2008.08.01"]

1. d4 Nf6 2. c4 g6 3. Nc3 Bg7 4. e4 d6 5. Be2 O-O 6. Bg5 c5 7. d5 h6 8. Bf4
Nbd7 9. Qd2 Kh7 10. h4 a6 11. Nh3 Ne5 12. h5 gxh5 13. f3 Ng6 14. Be3 e6 15.
dxe6 Bxe6 16. g4 hxg4 17. Ng5+ Kg8 18. Nxe6 fxe6 19. Bxh6 gxf3 20. Bxf3 Ne5 21.
Be2 Nfg4 22. Bxg7 Kxg7 23. O-O-O Rf2 24. Rdg1 Qf6 25. Qxd6 Rd8 26. Qc7+ Rd7 27.
Rxg4+ 1-0

[Event "24. Aberto Xadrez Albariño"]
[Site "Cambados ESP"]
[Date "2008.08.03"]
[Round "3.4"]
[White "Torrado Quintela, Julio"]
[Black "Manolache, Marius"]
[Result "0-1"]
[WhiteElo "2245"]
[BlackElo "2521"]
[PlyCount "76"]
[EventDate "2008.08.01"]
[EventType "swiss"]
[EventRounds "9"]
[EventCountry "ESP"]
[Source "lmi"]
[SourceDate "2008.08.01"]

1. e4 c5 2. d3 d6 3. g3 Nc6 4. Bg2 Nf6 5. c3 g6 6. f4 Bg7 7. Nf3 O-O 8. O-O Rb8
9. h3 c4 10. Na3 cxd3 11. Qxd3 b5 12. Nd4 Nxd4 13. cxd4 b4 14. Nc4 Ba6 15. b3
Nxe4 16. Qxe4 d5 17. Qxd5 Bxc4 18. Qxc4 Bxd4+ 19. Be3 Bxe3+ 20. Kh2 e6 21. Rf3
Qd2 22. Qe4 Bd4 23. Re1 Rfd8 24. Re2 Qc1 25. Rf1 Qc5 26. h4 Rd6 27. g4 Bc3 28.
f5 Rd4 29. Qf3 exf5 30. gxf5 Rxh4+ 31. Bh3 Qc7+ 32. Kg2 Rh5 33. Qe3 Qc6+ 34.
Kh2 Qd6+ 35. Kg2 Qd5+ 36. Kh2 Rf8 37. Rf3 Kg7 38. Rg3 Qxf5 0-1

[Event "24. Aberto Xadrez Albariño"]
[Site "Cambados ESP"]
[Date "2008.08.03"]
[Round "3.5"]
[White "Stanoev, Atanas"]
[Black "Starostits, Ilmars"]
[Result "0-1"]
[WhiteElo "2198"]
[BlackElo "2497"]
[PlyCount "94"]
[EventDate "2008.08.01"]
[EventType "swiss"]
[EventRounds "9"]
[EventCountry "ESP"]
[Source "lmi"]
[SourceDate "2008.08.01"]

1. d4 d5 2. c4 dxc4 3. e3 e6 4. Bxc4 a6 5. Nf3 Nf6 6. O-O Be7 7. Qe2 O-O 8. Bb3
b6 9. Nc3 Bb7 10. e4 Nbd7 11. Rd1 b5 12. a3 Nb6 13. Bf4 Rc8 14. Rac1 Qe8 15. h3
Kh8 16. Bg5 Nfd7 17. Bf4 c5 18. dxc5 Nxc5 19. Ba2 f5 20. exf5 Rxf5 21. Bg3 Bxf3
22. gxf3 Bg5 23. Ne4 Nxe4 24. Rxc8 Qxc8 25. fxe4 Rc5 26. Qg4 h6 27. Bxe6 Qe8
28. Rd6 Nc4 29. Rxa6 Nxb2 30. Bd5 Rc8 31. Re6 Qd8 32. Be5 Nd3 33. Bg3 Qf8 34.
Bc6 Bf4 35. Bxb5 Bxg3 36. Qxg3 Nf4 37. Re5 g5 38. Kh2 Qf7 39. Ba4 Qa7 40. Bd1
Qd4 41. Bg4 Rc3 42. Re8+ Kg7 43. Bf3 Rc2 44. Kg1 Nxh3+ 45. Kh2 Nf4 46. Kg1 Qd2
47. Bg4 Qe1+ 0-1

[Event "24. Aberto Xadrez Albariño"]
[Site "Cambados ESP"]
[Date "2008.08.03"]
[Round "3.6"]
[White "Filip, Lucian"]
[Black "Sanchez Quiroga, Miguel Angel"]
[Result "1-0"]
[WhiteElo "2461"]
[BlackElo "2183"]
[PlyCount "75"]
[EventDate "2008.08.01"]
[EventType "swiss"]
[EventRounds "9"]
[EventCountry "ESP"]
[Source "lmi"]
[SourceDate "2008.08.01"]

1. Nf3 d5 2. d4 Nf6 3. c4 c6 4. e3 Bf5 5. Nc3 e6 6. Nh4 Bg6 7. Be2 Ne4 8. Nxg6
Nxc3 9. bxc3 hxg6 10. Rb1 Qc7 11. Qb3 b6 12. g3 Be7 13. O-O O-O 14. Bd2 dxc4
15. Qxc4 Nd7 16. e4 b5 17. Qd3 Nb6 18. h4 Rfd8 19. Bf4 Qd7 20. Qf3 a6 21. Rbd1
Rac8 22. Kg2 Qb7 23. e5 Nd5 24. Bd2 c5 25. Bd3 Qb6 26. h5 g5 27. Qe4 Kf8 28.
Qh7 Ke8 29. Qxg7 cxd4 30. cxd4 Qxd4 31. Bxg5 Qg4 32. Bh6 Nf4+ 33. Kg1 Qxg7 34.
Bxg7 Nxd3 35. h6 Nxe5 36. Rxd8+ Bxd8 37. Bxe5 f6 38. h7 1-0

[Event "24. Aberto Xadrez Albariño"]
[Site "Cambados ESP"]
[Date "2008.08.03"]
[Round "3.7"]
[White "Ortiz Suarez, Isam"]
[Black "Orlovska, Madara"]
[Result "0-1"]
[WhiteElo "2392"]
[BlackElo "2021"]
[PlyCount "92"]
[EventDate "2008.08.01"]
[EventType "swiss"]
[EventRounds "9"]
[EventCountry "ESP"]
[Source "lmi"]
[SourceDate "2008.08.01"]

1. e4 c5 2. Nf3 d6 3. d4 cxd4 4. Nxd4 Nf6 5. Nc3 g6 6. Be3 Bg7 7. f3 a6 8. Qd2
b5 9. O-O-O Bb7 10. g4 h5 11. g5 Nfd7 12. Kb1 Nc6 13. Nd5 Rc8 14. Bh3 Nce5 15.
Qe2 Nc4 16. Bc1 Rc5 17. b3 Ncb6 18. Nxb6 Nxb6 19. Ba3 Rc7 20. Qd2 O-O 21. Rhe1
Bc8 22. Bg2 Bd7 23. Bb2 Qb8 24. f4 Rfc8 25. f5 Be5 26. Re2 a5 27. Qd3 b4 28.
fxg6 fxg6 29. Bh3 Rc3 30. Bxc3 Rxc3 31. Bxd7 Rxd3 32. Be6+ Kg7 33. Rxd3 Bxd4
34. Rxd4 Qf8 35. Rdd2 Qf1+ 36. Kb2 a4 37. a3 Qf4 38. e5 dxe5 39. Rf2 Qxg5 40.
axb4 e4 41. Ka2 Qe5 42. Rf7+ Kh6 43. Rxe7 Qg5 44. Rdd7 Nxd7 45. Rxd7 Qc1 46.
bxa4 e3 0-1

[Event "24. Aberto Xadrez Albariño"]
[Site "Cambados ESP"]
[Date "2008.08.03"]
[Round "3.8"]
[White "Rodriguez Gonzalez, Alex"]
[Black "Ramiro Ovejero, Juan Luis"]
[Result "1/2-1/2"]
[WhiteElo "2022"]
[BlackElo "2370"]
[PlyCount "98"]
[EventDate "2008.08.01"]
[EventType "swiss"]
[EventRounds "9"]
[EventCountry "ESP"]
[Source "lmi"]
[SourceDate "2008.08.01"]

1. e4 d5 2. exd5 Qxd5 3. Nc3 Qd8 4. d4 Nf6 5. Bc4 Bg4 6. Nge2 e6 7. h3 Bh5 8.
g4 Bg6 9. Nf4 Bb4 10. a3 Bxc3+ 11. bxc3 Be4 12. O-O O-O 13. Re1 Bc6 14. a4 Nbd7
15. Bd3 Nd5 16. c4 Nxf4 17. Bxf4 Qh4 18. Re3 f5 19. Bg3 Qxh3 20. d5 exd5 21.
Bf1 Qxg4 22. Be2 Qg6 23. cxd5 f4 24. dxc6 fxe3 25. Qd5+ Kh8 26. cxd7 exf2+ 27.
Kg2 Qxc2 28. Bf1 c6 29. Qd4 Qf5 30. Bxf2 Rad8 31. Rd1 Qf3+ 32. Kg1 Rf4 33. Re1
Rg4+ 34. Kh2 Rf8 35. d8=Q Rxd4 36. Qxd4 Qxf2+ 37. Qxf2 Rxf2+ 38. Kg3 Rf8 39.
Re7 Rb8 40. Bd3 a5 41. Kf4 b5 42. axb5 cxb5 43. Bxb5 g5+ 44. Kxg5 Rxb5+ 45. Kf6
Rb6+ 46. Kf7 h5 47. Re5 Rh6 48. Rxa5 h4 49. Ra8+ Kh7 1/2-1/2

[Event "24. Aberto Xadrez Albariño"]
[Site "Cambados ESP"]
[Date "2008.08.03"]
[Round "3.9"]
[White "Astaneh Lopez, Alex"]
[Black "Villar Perez, Samuel"]
[Result "1-0"]
[WhiteElo "2357"]
[BlackElo "1937"]
[PlyCount "155"]
[EventDate "2008.08.01"]
[EventType "swiss"]
[EventRounds "9"]
[EventCountry "ESP"]
[Source "lmi"]
[SourceDate "2008.08.01"]

1. e4 c5 2. Nf3 e6 3. Nc3 Nc6 4. d4 cxd4 5. Nxd4 Nf6 6. Nxc6 bxc6 7. e5 Nd5 8.
Ne4 Qa5+ 9. c3 Qc7 10. f4 Qb6 11. Bd3 Ba6 12. Bxa6 Qxa6 13. Qe2 Qxe2+ 14. Kxe2
f5 15. Nf2 Rb8 16. Nd3 Be7 17. Bd2 Kf7 18. c4 Nb6 19. b3 h6 20. g3 g5 21. Rad1
Rbg8 22. Kf3 h5 23. fxg5 Bxg5 24. Bxg5 Rxg5 25. h4 Rg4 26. Nf4 Rh7 27. Rd2 Kg7
28. Kf2 Kh6 29. Rhd1 Rhg7 30. Rd3 a5 31. Re3 Rf7 32. Nh3 Rf8 33. Rd6 Rf7 34.
Rf3 Nc8 35. Rd2 Nb6 36. Ng5 Rg7 37. Rf4 Re7 38. Rxg4 hxg4 39. Ke3 Kh5 40. Kd4
f4 41. gxf4 Kxh4 42. Ke3 Kg3 43. Ne4+ Kh3 44. Kf2 Rg7 45. Rd1 g3+ 46. Kf3 Kh2
47. Rd2+ Kh3 48. Rg2 Nc8 49. Ng5+ Kh4 50. Rxg3 Kh5 51. Rh3+ Kg6 52. Rh8 Ne7 53.
Ra8 Kf5 54. Rf8+ Kg6 55. Kg4 Ng8 56. Kh4 Kh6 57. Rf7 Ne7 58. Rxg7 Kxg7 59. Ne4
Nf5+ 60. Kg4 Kf7 61. Kf3 Nh4+ 62. Kg3 Nf5+ 63. Kf2 Ke7 64. Ke2 Kd8 65. Kd3 Kc7
66. c5 Nh4 67. Nd2 Ng6 68. Ke4 Kb7 69. a4 Ka6 70. Nc4 Nf8 71. Ke3 Ng6 72. Kf3
Nh4+ 73. Ke4 Ng6 74. Nb6 Nf8 75. Kf3 Kb7 76. Kg4 Ng6 77. Nxd7 Ne7 78. Nf8 1-0

[Event "24. Aberto Xadrez Albariño"]
[Site "Cambados ESP"]
[Date "2008.08.03"]
[Round "3.10"]
[White "Dimitrov, Vladimir"]
[Black "Outeiro Padin, Heladio"]
[Result "1-0"]
[WhiteElo "2450"]
[BlackElo "1916"]
[PlyCount "55"]
[EventDate "2008.08.01"]
[EventType "swiss"]
[EventRounds "9"]
[EventCountry "ESP"]
[Source "lmi"]
[SourceDate "2008.08.01"]

1. e4 e6 2. d4 d5 3. Nd2 Nf6 4. e5 Nfd7 5. c3 c5 6. f4 Nc6 7. Ndf3 cxd4 8. cxd4
Qb6 9. a3 f6 10. Bd3 Be7 11. b4 a6 12. Ne2 Nf8 13. O-O Ng6 14. Kh1 Bd7 15. Bd2
O-O 16. Qb1 f5 17. Rg1 Nh4 18. Ne1 Be8 19. g3 Ng6 20. Nf3 Rc8 21. Qf1 Kh8 22.
Qh3 Qd8 23. g4 Nh4 24. Nxh4 Bxh4 25. Rg2 Be7 26. gxf5 exf5 27. Bxf5 Bh4 28.
Bxc8 1-0

[Event "24. Aberto Xadrez Albariño"]
[Site "Cambados ESP"]
[Date "2008.08.03"]
[Round "3.11"]
[White "Buil Montanes, Carlos"]
[Black "Trigo Urquijo, Sergio"]
[Result "0-1"]
[WhiteElo "1882"]
[BlackElo "2200"]
[PlyCount "64"]
[EventDate "2008.08.01"]
[EventType "swiss"]
[EventRounds "9"]
[EventCountry "ESP"]
[Source "lmi"]
[SourceDate "2008.08.01"]

1. d4 d5 2. c4 c6 3. Nf3 Nf6 4. cxd5 cxd5 5. Nc3 Nc6 6. Bf4 a6 7. e3 Bg4 8. h3
Bh5 9. Be2 e6 10. O-O Bd6 11. Bxd6 Qxd6 12. Rc1 O-O 13. Nh4 Bxe2 14. Qxe2 Ne4
15. Nf3 f5 16. Nd2 Rac8 17. Rfd1 Rc7 18. f4 g5 19. Ndxe4 fxe4 20. fxg5 Qg3 21.
a3 Rcf7 22. Rf1 Rf3 23. Rxf3 exf3 24. Qf2 Qxg5 25. Kh2 Nxd4 26. Qg3 Qxg3+ 27.
Kxg3 f2 28. Rf1 Nf5+ 29. Kf3 h5 30. Nd1 Nd6+ 31. Ke2 Ne4 32. Kd3 e5 0-1